000 00473nam a22001337a 4500
008 230717b xxu||||| |||| 00| 0 eng d
020 _a9211166284
082 _a363.7
_bECE
110 _bEconomic Commission for Europe
245 _aStrategies and Policies for Air Pollution Abatement
_b1994 major review prepared under the convention on long-range Trans boundary Air pollution
260 _aNew York and Geneva
_bUnited Nations
_c1995
300 _a138,xvi
942 _2ddc
_cBK
999 _c3971
_d3971